Đỏ và đen
Sparad:
| Huvudupphovsman: | |
|---|---|
| Materialtyp: | Bok |
| Taggar: |
Lägg till en tagg
Inga taggar, Lägg till första taggen!
|
| Thư viện lưu trữ: | Mạng thư viện Đại học Đà Nẵng |
|---|
| LEADER | 00641nam a2200217 4500 | ||
|---|---|---|---|
| 001 | 000004731 | ||
| 003 | 872 | ||
| 005 | 20150812140841.0 | ||
| 008 | 110803s sd | ||
| 100 | 0 | |a XTĂNGĐAN | |
| 245 | 0 | 0 | |a Đỏ và đen |c XTĂNGĐAN |
| 774 | |a XTĂNGĐAN |b In lần thứ 2 |d H. |d Văn học |d 1986 |g Tập 2 |h 464 tr. |w 875 | ||
| 774 | |a XTĂNGĐAN |b In lần thứ 2 |d H. |d Văn học |d 1986 |g Tập 1 |h 422 tr. |w 876 | ||
| OWN | |a LSP | ||
| 999 | |a From the UDN01 | ||
| TYP | |a Monograph | ||
| TYP | |a Printed language | ||
| 980 | |a Mạng thư viện Đại học Đà Nẵng | ||